<?xml version="1.0" encoding="UTF-8"?>
<record
    xmlns:xsi="http://www.w3.org/2001/XMLSchema-instance"
    xsi:schemaLocation="http://www.loc.gov/MARC21/slim http://www.loc.gov/standards/marcxml/schema/MARC21slim.xsd"
    xmlns="http://www.loc.gov/MARC21/slim">

  <leader>00975    a2200181   4500</leader>
  <datafield tag="020" ind1=" " ind2=" ">
    <subfield code="a">8489771081</subfield>
  </datafield>
  <datafield tag="082" ind1=" " ind2=" ">
    <subfield code="a">709.946</subfield>
    <subfield code="b">AR786d1</subfield>
  </datafield>
  <datafield tag="100" ind1=" " ind2=" ">
    <subfield code="a">Carrillo, Jess&#x360;; Estella Noriega, Ignacio y Garca&#x315;-Mers&#x300;, Lidia.</subfield>
    <subfield code="9">242</subfield>
  </datafield>
  <datafield tag="245" ind1=" " ind2=" ">
    <subfield code="a">Desacuerdos 1</subfield>
  </datafield>
  <datafield tag="250" ind1=" " ind2=" ">
    <subfield code="a">Desacuerdos 1 es el primero de una serie de tres cuadernos que se publican a fin de divulgar una parte de los contenidos que ha producido la investigacin&#x324; emprendida en enero de 2003. </subfield>
  </datafield>
  <datafield tag="260" ind1=" " ind2=" ">
    <subfield code="a">Barcelona</subfield>
  </datafield>
  <datafield tag="300" ind1=" " ind2=" ">
    <subfield code="a">175 p</subfield>
    <subfield code="c">24cm</subfield>
  </datafield>
  <datafield tag="440" ind1=" " ind2=" ">
    <subfield code="a">Desacuerdos</subfield>
    <subfield code="9">243</subfield>
  </datafield>
  <datafield tag="505" ind1=" " ind2=" ">
    <subfield code="t">Caso de estudio. Pamplona era una fiesta: Tragicomedia del arte espa&#x1EB;l.</subfield>
    <subfield code="t">Entrevista. Catherine David.</subfield>
    <subfield code="t">Ln&#x315;ea de fuerza. Arco y la visin&#x324; mediatica del mercado del arte en la Espa&#x105; de los ochenta.</subfield>
    <subfield code="t">1969-... Algunas hipt&#x324;esis sobre prc&#x300;ticas arts&#x315;ticas y polt&#x315;icas en Espa&#x105;. </subfield>
  </datafield>
  <datafield tag="650" ind1=" " ind2=" ">
    <subfield code="a">Arte</subfield>
    <subfield code="v">Cultura espa&#x1EB;la</subfield>
    <subfield code="9">244</subfield>
  </datafield>
  <datafield tag="651" ind1=" " ind2=" ">
    <subfield code="a">Espa&#x105;</subfield>
    <subfield code="9">81</subfield>
  </datafield>
  <datafield tag="700" ind1=" " ind2=" ">
    <subfield code="a">Carrillo, Jess&#x360; Estella Noriega, Ignacio y Garca&#x315;-Mers&#x300;, Lidia.</subfield>
    <subfield code="9">245</subfield>
  </datafield>
  <datafield tag="999" ind1=" " ind2=" ">
    <subfield code="c">40</subfield>
    <subfield code="d">40</subfield>
  </datafield>
  <datafield tag="952" ind1=" " ind2=" ">
    <subfield code="0">0</subfield>
    <subfield code="1">0</subfield>
    <subfield code="2">ddc</subfield>
    <subfield code="4">0</subfield>
    <subfield code="7">0</subfield>
    <subfield code="a">LV</subfield>
    <subfield code="b">LV</subfield>
    <subfield code="c">Pensamiento</subfield>
    <subfield code="d">2014-04-07</subfield>
    <subfield code="l">0</subfield>
    <subfield code="o">709.946 AR786d1</subfield>
    <subfield code="p">000066</subfield>
    <subfield code="r">2014-04-07 00:00:00</subfield>
    <subfield code="w">2014-04-07</subfield>
    <subfield code="y">01</subfield>
  </datafield>
</record>
